Application of titanium dioixide as a photocatalyst in concrete for air purification & self cleaning (Record no. 553717)
[ view plain ]
| 000 -LEADER | |
|---|---|
| fixed length control field | 00496nam a22001457a 4500 |
| 082 ## - DEWEY DECIMAL CLASSIFICATION NUMBER | |
| Classification number | P667 |
| 100 ## - MAIN ENTRY--PERSONAL NAME | |
| Personal name | Muhammad Furqan umer ASC Syn#15 |
| 9 (RLIN) | 50977 |
| 245 ## - TITLE STATEMENT | |
| Title | Application of titanium dioixide as a photocatalyst in concrete for air purification & self cleaning |
| Remainder of title | Project |
| 260 ## - PUBLICATION, DISTRIBUTION, ETC. | |
| Place of publication, distribution, etc. | Risalpur, |
| Name of publisher, distributor, etc. | MCE, |
| Date of publication, distribution, etc. | 2016. |
| 300 ## - PHYSICAL DESCRIPTION | |
| Extent | 55p. |
| Other physical details | ill. |
| Dimensions | 26cm. |
| 526 ## - STUDY PROGRAM INFORMATION NOTE | |
| Program name | 0 |
| Interest level | 0 |
| Reading level | 0 |
| Title point value | P_667_000000000000000 |
| 526 ## - STUDY PROGRAM INFORMATION NOTE | |
| Program name | 0 |
| Interest level | 0 |
| Reading level | 0 |
| Title point value | P_667_000000000000000 |
| 700 ## - ADDED ENTRY--PERSONAL NAME | |
| Personal name | Lt Col Dr Maqbool Sadiq awan |
| 942 ## - ADDED ENTRY ELEMENTS (KOHA) | |
| Source of classification or shelving scheme | |
| Koha item type | Book |
| Withdrawn status | Lost status | Source of classification or shelving scheme | Damaged status | Not for loan | Permanent Location | Current Location | Date acquired | Total Checkouts | Full call number | Barcode | Date last seen | Date last checked out | Price effective from | Koha item type |
|---|---|---|---|---|---|---|---|---|---|---|---|---|---|---|
| Military College of Engineering (MCE) | Military College of Engineering (MCE) | 07/20/2016 | 1 | P667 | MCE-P-667 | 12/12/2019 | 10/21/2019 | 03/14/2021 | Book | |||||
| Military College of Engineering (MCE) | Military College of Engineering (MCE) | 07/20/2016 | P667 | MCE-P-668 | 07/20/2016 | 03/14/2021 | Book |
